000
00275nam a22001217a 4500
020
_a
0-85047-936-3
082
_a
540.03 DIC'D
100
_a
DAINTITH, J
_9
75857
245
_a
DICTIONARY OF CHEMISTRY
260
_a
LONDON
_b
INTERNATIOANL
_c
1981
300
_a
233P
942
_c
BK
999
_c
581267
_d
581267